| 000 | 00756nam a2200241 i 4500 | ||
|---|---|---|---|
| 001 | 104902 | ||
| 003 | ES-MaACL | ||
| 005 | 20230906183724.0 | ||
| 007 | t| | ||
| 008 | 060523s1984 fr ||||1| fre d | ||
| 020 | _a2-213-01469-8 | ||
| 080 | _a16 | ||
| 100 | 1 |
_aDupleix, Scipion. _946094 |
|
| 245 | 1 | 3 |
_aLa logique ou art de discourir et raisonner / _cScipion Dupleix. |
| 260 |
_a[Paris] : _bFayard, _c[1984] |
||
| 300 |
_a365 p. ; _c22 cm. |
||
| 490 | 1 | _aCorpus des oeuvres de philosophie en langue française | |
| 500 | _aBiblioteca Jacinto Martínez Lacalle. | ||
| 650 | 4 |
_aLógica. _914693 |
|
| 830 | 0 |
_aCorpus des oeuvres de philosophie en langue française _9183730 |
|
| 852 |
_aES-MaACL _jE-11217 _bR.138905 |
||
| 999 |
_c104902 _d104902 |
||